| 000 | 00691nam a2200253Ia 4500 | ||
|---|---|---|---|
| 008 | 170712s9999 xx 000 0 und d | ||
| 020 | _a9781456537876 | ||
| 050 | _a659.1 | ||
| 050 | _bM113 2011 | ||
| 100 | _aMacabenta, Greg B. | ||
| 245 | _aHow to make a benta : | ||
| 245 | _banecdotes, lectures & articles from the advertising wars / | ||
| 245 | _cby Greg B. Macabenta. | ||
| 260 | _aPhilippines : | ||
| 260 | _bMinority Media Services, | ||
| 260 | _c2011 | ||
| 300 | _a289 pages : | ||
| 300 | _billustrations ; | ||
| 300 | _c22cm. | ||
| 650 | _aAdvertising. | ||
| 650 | _aFilipino American business people -- Biography. | ||
| 650 | _aMarketing. | ||
| 650 | _aTitle. | ||
| 999 |
_c340414 _d340414 |
||